Online Catalogue and eLibrary

Ondru (Record no. 6035)

MARC details
000 -LEADER
fixed length control field 00364nam a2200157 4500
005 - DATE AND TIME OF LATEST TRANSACTION
control field 20250509054448.0
008 - FIXED-LENGTH DATA ELEMENTS--GENERAL INFORMATION
fixed length control field 250509b |||||||| |||| 00| 0 eng d
020 ## - INTERNATIONAL STANDARD BOOK NUMBER
ISBN 8190366351
082 ## - DDC Classification
DDC Edition Number 22
Class No. 894
Item Number - Author Mark OND
100 ## - MAIN ENTRY--PERSONAL NAME
Personal name Yugabharathi
245 ## - TITLE STATEMENT
Title Ondru
260 ## - PUBLICATION, DISTRIBUTION, ETC.
Place of publication, distribution, etc. Chennai
Name of publisher, distributor, etc. Nehr Nirai
Date of publication, distribution, etc. 2007
300 ## - PHYSICAL DESCRIPTION
Extent (e.g. Volumes, Pages etc.) 142 p .,
500 ## - GENERAL NOTE
General note Collection of essays
942 ## - Koha item type (Biblio)
Koha item type Books in Stacks (Lending)
Holdings
Lost status Damaged status Collection code Home library Current library Date acquired Full call number Accession Number Item type
    Lending WERC Library WERC Library 05/09/2025 894 OND 6828 Books in Stacks (Lending)

© WERC Library